Kraków - linia tramwajowa nr 1 - Statystyki

Ogólne statystyki
  • Ten quiz został rozwiązany 24 razy
  • Średni wynik to 18 z 28
Statystyki odpowiedzi
Wskazówka Odpowiedź % Poprawnych
Pętla Salwator
100%
4. Filharmonia
73%
3. Jubilat
73%
2. Komorowskiego
73%
1. Salwator
73%
27. Wzgórza Krzesławickie
73%
5. Plac Wszystkich Świętych
68%
6. Poczta Główna
68%
14. (Pętla zastępcza, awaryjna) Dąbie
64%
12. Fabryczna
64%
8. Hala Targowa
64%
26. Jarzębiny
64%
11. Nullo
64%
13. Ofiar Dąbia
64%
16. Ogród Doświadczeń
64%
17. Rondo 308. Dywizjonu
64%
19. Rondo Czyżyńskie
64%
9. Rondo Grzegórzeckie
64%
7. Starowiślna
64%
10. Teatr Variété
64%
18. Gałczyńskiego
59%
15. TAURON Arena Kraków al. Pokoju
59%
24. Wańkowicza
59%
20. Bieńczycka
55%
23. Cienista
55%
25. Darwina
55%
21. Rondo Kocmyrzowskie im. Ks. Gorzelanego
55%
22. Teatr Ludowy
55%
Nie znaleziono quizów pasujących do podanych kryteriów
Rozkład punktacji
Procent ludzi z każdym wynikiem
Percentyl według liczby udzielonych odpowiedzi
Twoja historia wyników
Nie rozwiązałeś tego quizu